How Culture Works
Saved in:
| Main Author: | |
|---|---|
| Format: | Book |
| Language: | English |
| Published: |
New York
The Free Press
1995
|
| Edition: | 1. ed. |
| Subjects: | |
| Tags: |
No Tags, Be the first to tag this record!
|
MARC
| LEADER | 00000nam a2200000 4500 | ||
|---|---|---|---|
| 001 | c020086 | ||
| 005 | 20221205133100.5 | ||
| 020 | |a 0-02-904505-3 | ||
| 041 | 0 | |a eng | |
| 044 | |a US | ||
| 245 | 1 | 0 | |a How Culture Works |c Paul Bohannan |
| 250 | |a 1. ed. | ||
| 264 | 1 | |a New York |b The Free Press |c 1995 | |
| 300 | |a 217 s. | ||
| 610 | 2 | 0 | |a kultúra |
| 610 | 2 | 0 | |a správanie |
| 610 | 2 | 0 | |a správanie sociálne |
| 610 | 2 | 0 | |a veda |
| 610 | 2 | 0 | |a civilizácia |
| 610 | 2 | 0 | |a dejiny |
| 100 | 1 | |a Bohannan, Paul | |